000
00317nam a22001217a 4500
008
240116b |||||||| |||| 00| 0 eng d
100
_a
Bare Act, EBC
245
_a
Child and Adolescent Labour Prohibition and Regulation Act 1986
250
_a
33rd
260
_a
Lucknow
_b
EBC
_c
2023
300
_a
39
942
_2
ddc
_c
BK
999
_c
20364
_d
20364